000 00359nam a22001577a 4500
003 MPLRDC
005 20220104144258.0
008 210129b ||||| |||| 00| 0 eng d
082 _a947.413 CKKZ v.4
100 _a出口龟正著
245 _a除魔守护神; 4
_c
260 _a
_b天下
_c
300 _b
650 _a
942 _cBK
_o947.413 CKKZ v.4
999 _c48066
_d48056